000 00188 a2200085 4500
245 _aPOETRY OF THE FIRST WORLD WAR
_hText
100 _aMAURICE HUSSEY
650 _aliterature
005 20191021095359.0
084 _aNONE
999 _c12168
_d12168